000 00529nam a2200217Ia 4500
003 OSt
005 20220928142225.0
006 a|||||r|||| 00| 0
007 ta
008 220927b |||||||| |||| 00| 0 eng d
024 _a18761
037 _cTextual
040 _aSDCL
_cSDCL
_beng
041 _2eng
_aeng
082 _aO15:gxH50,2,3, M1
100 _aBhanudutta
_9502983
245 0 _aRasamanjari.
260 _c1981
942 _hO15:gxH50,2,3, M1
_cTEXL
_2CC
999 _c820981
_d820981